Mayor doubles renewable energy targets for new buildings (Record no. 77868)

MARC details
000 -LEADER
fixed length control field 01034cab a2200205 4500
001 - CONTROL NUMBER
control field ##L135332
008 - FIXED-LENGTH DATA ELEMENTS--GENERAL INFORMATION
fixed length control field 061016n2006 000 0 eng u
035 ## - SYSTEM CONTROL NUMBER
System control number (Sirsi) u135332
041 0# - LANGUAGE CODE
Language code of text/sound track or separate title eng
245 00 - TITLE STATEMENT
Title Mayor doubles renewable energy targets for new buildings
260 ## - PUBLICATION, DISTRIBUTION, ETC.
Date of publication, distribution, etc. 2006
490 #0 - SERIES STATEMENT
Series statement Greater London Authority Press Release
520 ## - SUMMARY, ETC.
Summary, etc. In "Draft further alterations to the London Plan", Mayor Ken Livingstone has doubled the carbon emission reductions that developments must meet through onsite renewable energy from 10% to 20%. The consultation document also requires new developments to connect to decentralised local energy supplies and for planners and developers to achieve high standards of sustainable building design.
590 ## - LOCAL NOTE (RLIN)
Local note IKA171006
650 24 - SUBJECT ADDED ENTRY--TOPICAL TERM
Topical term or geographic name entry element LONDON PLAN
651 #4 - SUBJECT ADDED ENTRY--GEOGRAPHIC NAME
Geographic name LONDON
690 ## - LOCAL SUBJECT ADDED ENTRY--TOPICAL TERM (OCLC, RLIN)
Topical term or geographic name as entry element BUILT ENVIRONMENT-SUSTAINABLE CONSTRUCTION
856 40 - ELECTRONIC LOCATION AND ACCESS
Uniform Resource Identifier <a href="https://www.london.gov.uk/view_press_release.jsp?releaseid=9347">https://www.london.gov.uk/view_press_release.jsp?releaseid=9347</a>
Public note View the press release free of charge at www.london.gov.uk...
942 ## - ADDED ENTRY ELEMENTS (KOHA)
Suppress in OPAC 0
Holdings
Withdrawn status Lost status Source of classification or shelving scheme Damaged status Not for loan Home library Current library Shelving location Date acquired Total Checkouts Full call number Barcode Date last seen Copy number Price effective from Koha item type
    Dewey Decimal Classification     Virtual Virtual Online 16/10/2006   ONLINE PUBLICATION 135332-2001 06/08/2019 1 06/08/2019 Online material